[Event "BL2-Ost 9293"]
[Site "Germany"]
[Date "1993.??.??"]
[Round "?.6"]
[White "Stickler, Andreas"]
[Black "Mirschinka, Dirk"]
[Result "0-1"]
[WhiteElo "2250"]
[BlackElo "2240"]
[PlyCount "61"]
[EventDate "1992.10.??"]
[EventType "team-tourn"]
[EventRounds "9"]
[EventCountry "GER"]
[SourceTitle "GER-chT2"]
[Source "ChessBase"]
[SourceDate "1999.07.01"]
[SourceVersion "1"]
[SourceVersionDate "1999.07.01"]
[SourceQuality "1"]
[WhiteTeam "Bamberg"]
[BlackTeam "Chemnitz Lok"]
[WhiteTeamCountry "GER"]
[BlackTeamCountry "GER"]

1. d4 d6 2. Nf3 Bg4 3. c4 Bxf3 4. exf3 e6 5. d5 exd5 6. cxd5 Nf6 7. Nc3 Be7 8. Bc4 Nbd7 9. 0-0 0-0 10. Re1 c6 11. Bf4 Nh5 12. Be3 g6 13. f4 c5 14. f5 Ng7 15. g4 gxf5 16. gxf5 Bf6 17. Kh1 Be5 18. Rg1 Qh4 19. f4 Bxf4 20. Bxf4 Qxf4 21. Rg4 Qh6 22. Qg1 Ne5 23. Re4 Kh8 24. f6 Nh5 25. Rh4 Qxf6 26. Rxh5 Qf3+ 27. Qg2 Qxh5 28. Be2 Qg6 29. Qf2 Rg8 30. Rf1 f5 31. Nd1 0-1

[Event "Bundesliga 9192"]
[Site "Germany"]
[Date "1992.??.??"]
[Round "?.5"]
[White "Boensch, Uwe"]
[Black "Stickler, Andreas"]
[Result "1-0"]
[WhiteElo "2500"]
[BlackElo "2255"]
[PlyCount "79"]
[EventDate "1991.10.12"]
[EventType "team-tourn"]
[EventRounds "15"]
[EventCountry "GER"]
[SourceTitle "GER-chT"]
[Source "ChessBase"]
[SourceDate "1999.07.01"]
[SourceVersion "1"]
[SourceVersionDate "1999.07.01"]
[SourceQuality "1"]
[WhiteTeam "Bayern Muenchen"]
[BlackTeam "Bamberg"]
[WhiteTeamCountry "GER"]
[BlackTeamCountry "GER"]

1. d4 Nf6 2. c4 e6 3. Nf3 Bb4+ 4. Bd2 Qe7 5. g3 Nc6 6. Bg2 Bxd2+ 7. Nbxd2 d6 8. 0-0 a5 9. e4 e5 10. d5 Nb8 11. Nh4 0-0 12. Qc2 Na6 13. a3 g6 14. Rab1 c6 15. dxc6 bxc6 16. Rfd1 Bg4 17. Re1 Rfb8 18. h3 Be6 19. Nhf3 Nd7 20. b3 Ra7 21. Qc3 Nac5 22. b4 Na4 23. Qc2 axb4 24. axb4 c5 25. b5 Nab6 26. Ra1 Rba8 27. Rxa7 Rxa7 28. Bf1 f5 29. exf5 gxf5 30. Nh4 Qf7 31. Ndf3 Qf6 32. Rd1 e4 33. Ne1 Bf7 34. Qd2 Nxc4 35. Qf4 Nde5 36. Nxf5 Ng6 37. Nh6+ Kg7 38. Qxf6+ Kxf6 39. Nxf7 Nb2 40. Rb1 1-0

[Event "Bundesliga 9192"]
[Site "Germany"]
[Date "1992.??.??"]
[Round "?.6"]
[White "Liebert, Heinz"]
[Black "Stickler, Andreas"]
[Result "1-0"]
[WhiteElo "2395"]
[BlackElo "2255"]
[PlyCount "111"]
[EventDate "1991.10.12"]
[EventType "team-tourn"]
[EventRounds "15"]
[EventCountry "GER"]
[SourceTitle "GER-chT"]
[Source "ChessBase"]
[SourceDate "1999.07.01"]
[SourceVersion "1"]
[SourceVersionDate "1999.07.01"]
[SourceQuality "1"]
[WhiteTeam "Buna Halle"]
[BlackTeam "Bamberg"]
[WhiteTeamCountry "GER"]
[BlackTeamCountry "GER"]

1. c4 c5 2. Nf3 Nf6 3. Nc3 d5 4. cxd5 Nxd5 5. e3 Nc6 6. Bb5 Nxc3 7. bxc3 Bd7 8. 0-0 e6 9. d4 Be7 10. e4 cxd4 11. cxd4 0-0 12. Rb1 Rc8 13. Be2 Qc7 14. Be3 Nb4 15. Qd2 Qa5 16. a3 Qxa3 17. Ra1 Qc3 18. Qxc3 Rxc3 19. Bd2 Rb3 20. Rxa7 Bc6 21. Bc4 Rb2 22. Bc3 Rc2 23. Bxb4 Bxb4 24. Bd3 Rc3 25. Ne5 Rd8 26. Rb1 Bf8 27. Nxc6 bxc6 28. Bf1 f6 29. g3 c5 30. d5 exd5 31. exd5 g6 32. h4 Rc2 33. Rbb7 h5 34. Bd3 Rc1+ 35. Kg2 f5 36. Bb5 Rxd5 37. Be8 Rd6 38. Bf7+ Kg7 39. Bb3+ Kf6 40. Rf7+ Ke5 41. Rxf8 c4 42. Rc7 Kd4 43. Rfc8 c3 44. Bc4 f4 45. gxf4 Ke4 46. Bb5 Kxf4 47. Rxc3 Rxc3 48. Rxc3 Rb6 49. Be2 Kf5 50. Rf3+ Ke6 51. Bd3 Ke7 52. Rg3 Kf7 53. Be4 Ra6 54. Rg5 Rb6 55. Kg3 Ra6 56. Bxg6+ 1-0

[Event "BL2-Ost 9293"]
[Site "Germany"]
[Date "1992.??.??"]
[Round "?.4"]
[White "Stickler, Andreas"]
[Black "Schmidt, Gerhard3"]
[Result "1/2-1/2"]
[WhiteElo "2250"]
[BlackElo "2265"]
[PlyCount "50"]
[EventDate "1992.10.??"]
[EventType "team-tourn"]
[EventRounds "9"]
[EventCountry "GER"]
[SourceTitle "GER-chT2"]
[Source "ChessBase"]
[SourceDate "1999.07.01"]
[SourceVersion "1"]
[SourceVersionDate "1999.07.01"]
[SourceQuality "1"]
[WhiteTeam "Bamberg"]
[BlackTeam "Bayern Muenchen II"]
[WhiteTeamCountry "GER"]
[BlackTeamCountry "GER"]

1. d4 d5 2. c4 e6 3. Nc3 Nf6 4. Bg5 Be7 5. e3 0-0 6. Qc2 h6 7. Bh4 Ne4 8. Bxe7 Qxe7 9. Nf3 Nxc3 10. Qxc3 b6 11. cxd5 exd5 12. Rc1 c6 13. Bd3 Bb7 14. 0-0 Nd7 15. Bf5 Nf6 16. Ne5 c5 17. Qa3 Rfe8 18. f4 c4 19. Qa4 a6 20. Rf3 b5 21. Qd1 Bc8 22. Bb1 Bg4 23. Nxg4 Nxg4 24. Qc2 Nf6 25. g4 Ne4 1/2-1/2

[Event "Bundesliga 9192"]
[Site "Germany"]
[Date "1991.??.??"]
[Round "?.7"]
[White "Beckemeier, Werner"]
[Black "Stickler, Andreas"]
[Result "1/2-1/2"]
[WhiteElo "2380"]
[BlackElo "2265"]
[PlyCount "72"]
[EventDate "1991.10.12"]
[EventType "team-tourn"]
[EventRounds "15"]
[EventCountry "GER"]
[SourceTitle "GER-chT"]
[Source "ChessBase"]
[SourceDate "1999.07.01"]
[SourceVersion "1"]
[SourceVersionDate "1999.07.01"]
[SourceQuality "1"]
[WhiteTeam "Bochum"]
[BlackTeam "Bamberg"]
[WhiteTeamCountry "GER"]
[BlackTeamCountry "GER"]

1. e4 c5 2. Nc3 e6 3. Nf3 a6 4. d4 cxd4 5. Nxd4 Qc7 6. Bd3 Nf6 7. Qe2 Bc5 8. Nb3 Bb4 9. Bd2 Nc6 10. 0-0 Bxc3 11. Bxc3 e5 12. f4 d6 13. Qe3 Ng4 14. Qg3 Qb6+ 15. Kh1 h5 16. h3 Be6 17. Qh4 g5 18. fxg5 0-0-0 19. Nd2 Kb8 20. Nf3 Ne7 21. Qe1 Rdg8 22. Ba5 Qe3 23. Bd2 Qb6 24. g3 f5 25. hxg4 hxg4+ 26. Nh2 f4 27. gxf4 Rh3 28. Rf2 Rgh8 29. Rg2 g3 30. Be3 Rxh2+ 31. Rxh2 Rxh2+ 32. Kg1 Qxb2 33. Rb1 Bh3 34. Rxb2 Rg2+ 35. Kh1 Rh2+ 36. Kg1 Rg2+ 1/2-1/2